| 000 | 00578nam a2200193Ia 4500 | ||
|---|---|---|---|
| 008 | 140626s9999 xx 000 0 und d | ||
| 100 | _aSzalma, James. | ||
| 245 |
_aIndividual differences in response to automation : _bthe five factor model of personality / _cJames Szalma ... [et al.]. |
||
| 260 | _cc2011. | ||
| 300 | _a17 : 2, page 71 | ||
| 440 | _aJournal of Experimental Psycholgy: Applied | ||
| 521 | _aPSYCH | ||
| 650 | _aAutomation. | ||
| 650 | _aIndividual differences. | ||
| 650 | _aPerformance. | ||
| 650 | _aStress. | ||
| 650 | _aWorkload. | ||
| 942 | _cSE | ||
| 999 |
_c121308 _d121308 |
||